Những địa danh nổi tiếng lịch sử trên Thế giới

Gardado en:
Detalles Bibliográficos
Formato: Libro
Publicado: 2008
Các nhãn: Engadir etiqueta
Sen Etiquetas, Sexa o primeiro en etiquetar este rexistro!
Thư viện lưu trữ: Mạng thư viện Đại học Đà Nẵng
LEADER 00483nam a22001811a 4500
001 000039301
003 15596
005 20160412021944.0
008 160412s2008 000
082 |a 4V(TK)1180 
245 |a Những địa danh nổi tiếng lịch sử trên Thế giới  |c Trần Mạnh Thường 
260 |c 2008 
OWN |a LNN 
999 |a From the UDN01 
TYP |a Monograph 
980 |a Mạng thư viện Đại học Đà Nẵng